Paroles Qui saura - Mike Brant - Statistiques

Statistiques générales
  • Ce quiz a été pris 408 fois
  • Le résultat moyen est 198 sur 253
Statistiques - réponses
Réponse % Correct
Qui
99%
qui
99%
saura
99%
me
96%
à
92%
de
92%
faire
92%
le
92%
je
91%
ma
90%
oublier
89%
que
89%
dire
87%
dites
87%
mes
87%
moi
87%
Vous
87%
vous
87%
amis
84%
ne
84%
seule
80%
raison
79%
vivre
79%
pas
76%
et
73%
mon
72%
ce
71%
un
71%
peu
70%
mais
69%
oui
69%
plus
69%
essayez
67%
sans
67%
au
66%
elle
66%
une
66%
vie
65%
bien
64%
j'ai
64%
sais
64%
fois
62%
qu'elle
62%
tant
62%
question
61%
comprendre
59%
répondre
59%
serai
59%
tout
59%
monde
55%
si
55%
fille
54%
avec
53%
bonheur
53%
peut
53%
sur
53%
triste
51%
coeur
50%
d'ici
50%
n'existe
50%
toujours
50%
entière
49%
rendre
49%
terre
49%
croire
48%
jour
47%
reste
47%
j'aimerai
46%
réponse
46%
y
46%
reviendra
45%
perdu
42%
doute
41%
n'avais
41%
j'en
40%
l'ombre
40%
alors
39%
pouvez
39%
j'aimerais
38%
renonce
38%
sortirai
38%
d'autres
34%
inonde
34%
joies
34%
soleil
34%
revivre
16%
Aucun quiz correspondant
Distribution des résultats
% des personnes avec chaque résultat
Percentile par nombre de réponses
Votre historique - résultats
Vous n’avez pas pris ce quiz